Najsłynniejsi polscy sportowcy - Statystyki

Ogólne statystyki
  • Ten quiz został rozwiązany 242 razy
  • Średni wynik to 16 z 37
Statystyki odpowiedzi
Sportowiec % Poprawnych
Robert Lewandowski
97%
Iga Świątek
82%
Adam Małysz
80%
Kamil Stoch
80%
Wojciech Szczęsny
73%
Piotr Żyła
69%
Bartosz Kurek
63%
Dawid Kubacki
63%
Jakub Błaszczykowski
60%
Anita Włodarczyk
59%
Robert Kubica
52%
Justyna Kowalczyk
50%
Łukasz Piszczek
50%
Bartosz Zmarzlik
46%
Agnieszka Radwańska
45%
Marcin Gortat
44%
Mariusz Pudzianowski
41%
Otylia Jędrzejczak
37%
Hubert Hurkacz
36%
Paweł Fajdek
36%
Grzegorz Krychowiak
35%
Jerzy Dudek
35%
Andrzej Gołota
34%
Kamil Glik
33%
Ewa Swoboda
32%
Sławomir Szmal
27%
Michał Kubiak
26%
Michał Pazdan
26%
Tomasz Gollob
25%
Kamil Grosicki
24%
Piotr Lisek
23%
Jeremy Sochan
22%
Jan Błachowicz
20%
Artur Szpilka
16%
Piotr Gruszka
13%
Maciej Lampe
5%
Cezary Trybański
3%
Nie znaleziono quizów pasujących do podanych kryteriów
Rozkład punktacji
Procent ludzi z każdym wynikiem
Percentyl według liczby udzielonych odpowiedzi
Twoja historia wyników
Nie rozwiązałeś tego quizu